000 00669nam a2200193 a 4500
005 20210223121554.0
008 991125s1979 bar 000 0 spa u
020 _a8432003662
035 _aUPN01000020009
049 _aCG
050 4 _aLB1105
_bP3.2 no.46
100 1 _aDebut, Janine
245 1 3 _aLa enseñanza de las lenguas clásicas /
_cJanine Debut ; pref. de J. Duchemin ; tr. Isabel Estebán.
260 _aBarcelona, Esp. :
_bPlaneta,
_c1979.
300 _a227 p.
440 0 _aPaideia.
_pBiblioteca práctica de pedagogía, psicología, psicopatología de la infancia ;
_v46
650 4 _aFILOLOGIA CLASICA -
_xESTUDIO Y ENSEÑANZA
_920769
905 _aLibro
999 _c20009
_d20009